00836cam a22002411 4500001001300000003000400013005001700017008004100034010001700075035002000092040002000112042001200132043001200144050001500156100002500171245012600196260007100322300002000393490002400413500010600437651003400543999001700577sa 68019089 DLC20260227112716.0850514s1961 io f100 0 eng  asa 68019089  a(OCoLC)12034677 aDLCcIDeKNdDLC apremarc aa-io---00aDS638b.S91 aSukarno,d1901-1970.10aFrom non-alignment to coordinated accumulation of moral force toward friendship, peace, and social justice among nations. a[Djakarta] :bDept. of Information, Republic of Indonesia,c[1961] a27 p. ;c21 cm.0 aSpecial issue ;v80 a"An address ... before the Belgrade Summit Conference of Nonaligned Countries on 1st September 1961." 0aIndonesiaxForeign relations. c88814d88814